Total Quality Management (Record no. 2311)

MARC details
000 -LEADER
fixed length control field 00390nam a22001697a 4500
005 - DATE AND TIME OF LATEST TRANSACTION
control field 20160601101203.0
008 - FIXED-LENGTH DATA ELEMENTS--GENERAL INFORMATION
fixed length control field 160601b xxu||||| |||| 00| 0 eng d
020 ## - INTERNATIONAL STANDARD BOOK NUMBER
ISBN 81-203-0903-0
041 ## - LANGUAGE CODE
Language code of text/sound track or separate title eng
082 ## - DEWEY DECIMAL CLASSIFICATION NUMBER
Item number 6592
100 ## - MAIN ENTRY--AUTHOR NAME
Personal name Bank, John
245 ## - TITLE STATEMENT
Title Total Quality Management
260 ## - PUBLICATION, DISTRIBUTION, ETC. (IMPRINT)
Place of publication New Delhi
Name of publisher PHI,
Year of publication 2003
300 ## - PHYSICAL DESCRIPTION
Number of Pages 196
650 ## - SUBJECT ADDED ENTRY--TOPICAL TERM
Topical Term Management
942 ## - ADDED ENTRY ELEMENTS (KOHA)
Koha item type Books
Holdings
Lost status Damaged status Collection code Home library Current library Shelving location Date acquired Cost, normal purchase price Full call number Accession Number Koha item type
    MANAGEMENT JRU Library JRU Library SHELF-63-M 01/06/2016 95.00 6592 6592 Books
    MANAGEMENT JRU Library JRU Library SHELF-63-M 01/06/2016 95.00 6592 6593 Books
    Reference JRU Library   SHELF-29-A 01/06/2016 95.00 6592 6594 Books
    MANAGEMENT JRU Library JRU Library SHELF-42-A 01/06/2016 95.00 6592 6595 Books
    MANAGEMENT JRU Library JRU Library SHELF-63-M 01/06/2016 95.00 6592 6596 Books
    MANAGEMENT JRU Library JRU Library SHELF-63-M 01/06/2016 95.00 6592 6597 Books
    MANAGEMENT JRU Library JRU Library SHELF-63-M 01/06/2016 95.00 6592 6598 Books
    MANAGEMENT JRU Library JRU Library SHELF-63-M 01/06/2016 95.00 6592 6599 Books
    MANAGEMENT JRU Library JRU Library SHELF-63-M 01/06/2016 95.00 6592 6600 Books
    MANAGEMENT JRU Library JRU Library SHELF-63-M 01/06/2016 95.00 6592 6601 Books